| 000 | 00623nam a22002297a 4500 | ||
|---|---|---|---|
| 005 | 20230714143236.0 | ||
| 008 | 230714b ||||| |||| 00| 0 eng d | ||
| 020 | _a9694160618 | ||
| 040 | _cAL | ||
| 041 | _aEnglish | ||
| 082 |
_223 _a181.07 _bMUNI |
||
| 100 |
_aMuhammad Munawwar _9126999 |
||
| 245 | _aIqbal: Poet Philosopher of Islam | ||
| 260 |
_aPakistan _bIqbal Academy _c2003 |
||
| 300 |
_a182 p. _bHB _c22x14 cm. |
||
| 650 |
_aReligion _9127000 |
||
| 650 |
_aIndia _9127001 |
||
| 650 |
_aMuslims _9127002 |
||
| 650 |
_aIslamic philosophy _9127003 |
||
| 700 |
_aMUNAWWAR (Muhammad) _9127004 |
||
| 942 |
_2ddc _cDB |
||
| 999 |
_c227881 _d227881 |
||